000 00630nam a2200229 a 4500
001 000022177
005 20200930011621.0
008 100917s1996 sp 000 f spa d
020 _a8420647004
040 _aDO-SdBNP
_bspa
_cBNPHU
082 _a843.914
_bC211v
100 1 _aCamus, Albert,
_d1913-1960
_94231
245 1 3 _aEl verano /
_cAlbert Camus.
260 _aMadrid :
_bAlianza,
_c1996.
300 _a94 [2] p. ;
_c15 cm.
490 1 _aAlianza cien
_v100
650 4 _aNovela francesa
_91075
650 4 _aLiteratura francesa
_ySIGLO XX
_94232
830 0 _aAlianza cien ;
_v100
_912832
910 _aWM
049 _aBNGR
999 _c21675
_d21675